BIBLIOTECA

SENCICO

Durabilidad y Patología del Concreto (Registro nro. 1836)

Detalles MARC
000 -LEADER
fixed length control field 00719nam a2200253Ia 4500
005 - DATE AND TIME OF LATEST TRANSACTION
control field 20251020182524.0
008 - FIXED-LENGTH DATA ELEMENTS--GENERAL INFORMATION
fixed length control field 200515s9999 xx 000 0 und d
020 ## - INTERNATIONAL STANDARD BOOK NUMBER
International Standard Book Number 978-958-8564-08-1
082 ## - DEWEY DECIMAL CLASSIFICATION NUMBER
Classification number 691.327/S21
100 ## - MAIN ENTRY--PERSONAL NAME
Personal name Sánchez de Guzman, Diego
245 #0 - TITLE STATEMENT
Title Durabilidad y Patología del Concreto
250 ## - EDITION STATEMENT
Edition statement 2a ed.
260 ## - PUBLICATION, DISTRIBUTION, ETC.
Place of publication, distribution, etc. México, D.F.
260 ## - PUBLICATION, DISTRIBUTION, ETC.
Name of publisher, distributor, etc. Asocreto
260 ## - PUBLICATION, DISTRIBUTION, ETC.
Date of publication, distribution, etc. 2011
300 ## - PHYSICAL DESCRIPTION
Other physical details il.
500 ## - GENERAL NOTE
General note 1 ejemplar
520 ## - SUMMARY, ETC.
Summary, etc. Durabilidad.- Especificaciones.- Patología.- Acciones físicas.- Acciones Mecánicas.- Acciones Químicas.- Acciones biológicas.- corrosión
650 ## - SUBJECT ADDED ENTRY--TOPICAL TERM
Topical term or geographic name entry element CONCRETO
650 ## - SUBJECT ADDED ENTRY--TOPICAL TERM
Topical term or geographic name entry element DURABILIDAD
650 ## - SUBJECT ADDED ENTRY--TOPICAL TERM
Topical term or geographic name entry element PATOLOGIA
942 ## - ADDED ENTRY ELEMENTS (KOHA)
Koha item type Libros
Existencias
Fecha de la última vez que lo usaron Pago total Signatura topográfica completa Código de barras Precio efectivo desde Tipo de documento Estado perdido Estado dañado No es para préstamo Retirado Ubicación permanente Ubicación actual Fecha de adquisición
15/05/2020   691.327/S21 Bib-Lima15051836 15/05/2020 Libros         Biblioteca Central Lima Biblioteca Central Lima 15/05/2020